| 000 | 00720nam a2200229 4500 | ||
|---|---|---|---|
| 003 | OSt | ||
| 005 | 20240614070416.0 | ||
| 006 | a | ||
| 008 | 240614b |||||||| |||| 00| 0 eng d | ||
| 020 | _a9781412956437 | ||
| 040 |
_aDWCL-Main lib. _cOC |
||
| 082 | _aCirc. 372.6 L139c 2011 | ||
| 100 | _aLacina, Jan | ||
| 245 | _aCases of successful literacy teachers / | ||
| 260 |
_aLos Angeles : _bSAGE Pub., _cc2011. |
||
| 300 |
_axv, _b226 p. : ill. ; _c23 cm. |
||
| 504 | _aIncludes bibliographical references & index. | ||
| 650 | _a1. Language arts (Elementary)–Case studies. | ||
| 650 | _a2. Language arts teachers–Case studies. I. Silva, Cecilia. | ||
| 700 | _aJan Lacina | ||
| 942 |
_2ddc _n0 _cBK-CIRC _kCirc. |
||
| 999 |
_c720 _d720 |
||